Ends in 'QUE' Quiz Stats

 Plays Quiz Updated Dec 19, 2018

     
Support Sporcle.
Go Orange.
Score 0/17 Timer 06:00
2 Plays Today
Hint Word % Correct
Muslim temple or place of public worshipMosque
89.1%
An accumulation of bacteria on teethPlaque
88.5%
Original; being without a like or equalUnique
78.1%
Not transparent or translucent; impenetrable to lightOpaque
77.3%
Of or pertaining to the musical period following the RenaissanceBaroque
67.3%
The moment of a force or system of forces tending to cause rotationTorque
65.7%
Of or belonging to the past; has its own road showAntique
64.7%
A small shop often located within a larger one, may sell CliniqueBoutique
61.2%
A detailed evaluation; reviewCritique
59.5%
Hint Word % Correct
A variety adult entertainment show that has tassels and pastiesBurlesque
54.3%
Neither perpendicular nor parallel to a given line or surfaceOblique
49.2%
Fantastically ugly or absurdGrotesque
48.8%
Daringly close to indelicacy or improprietyRisqué
48.7%
Of or pertaining to that which is secretive; an X-Men villainMystique
44.5%
Visually charming; suitable for a paintingPicturesque
35.7%
To excite or arouse especially by a provocation, challenge, or rebuff Pique
30.2%
A method of accomplishing a desired aimTechnique
24%

From the Vault

4 Decades of Music Hits IV

by kfastic

Music 4m
Taking you from vinyls to cassettes to CDs.
Remove Ads.
Support Sporcle.
Get the best of Sporcle when you Go Orange. This ad-free experience offers more features, more stats, and more fun while also helping to support Sporcle. Thank you for becoming a member.

Show Comments

Extras

Top Quizzes Today


Score Distribution

Your Account Isn't Verified!

In order to create a playlist on Sporcle, you need to verify the email address you used during registration. Go to your Sporcle Settings to finish the process.

Report this User

Report this user for behavior that violates our Community Guidelines.

Details: